Statistiche per Primi 10 paesi interessati da Covid-19 - 30 aprile

Clicka qui per fare il quiz!

Statistiche generali

  • Questo quiz è stato fatto 5 volte
  • Il punteggio medio è 10 su 15

Statistiche sulle risposte

nazione% Corretto
Francia
100%
Italia
100%
Regno Unito
100%
Spagna
100%
Svizzera
100%
Brasile
75%
Germania
75%
Stati Uniti
75%
Belgio
50%
Irlanda
50%
Russia
50%
Iran
25%
Qatar
25%
Turchia
25%
Singapore
0%

Distribuzione punteggi

Percentile per numero di risposta

Percentuale di utenti per punteggio

I tuoi punteggi nel tempo

Non hai fatto questo quiz